Technika prostredia v dopravných prostriedkoch a zariadeniach zborník prednášok : Tatranská Lomnica - Grand hotel Praha : 4.-6. 10. 1988

Bibliographic Details
Corporate Author: Technika prostredia v dopravných prostriedkoch a zariadeniach Tatranská Lomnica, Slovensko (aut1)
Format: Conference Proceeding Book
Language:Slovak
Czech
German
PhysicalDescription:229 strán grafy, ilustrácie, schémy, tabuľky 21 cm
Published: Žilina Dom techniky ČSVTS 1988
Edition:1. vyd.
Subjects:

MARC

LEADER 00000cam a2200000 a 4500
001 vtls001080616
003 SK-MaSNL
005 20260301153239.0
008 240226s1988 xo dal frn 100 0 slo
015 |a SNBA1989/04 
020 |q (brožované) 
035 |a SNK000023453 
035 |a 712F725A-0235-4048-8D7C-A6E799E793EE 
035 |a urn:nbn:sk:snk-am00ih4q 
040 |a SNK  |b slo  |c SNK  |e AACR2 
041 0 |a slo  |a cze  |a ger  |b eng 
044 |a xr  |c CZ 
072 7 |a 629  |x Dopravné prostriedky  |2 konspekt 
072 7 |a 697  |x Vykurovanie, vetranie, klimatizácia  |2 konspekt 
080 |a 629.1.06(082)=00  |2 1981 
080 |a 629  |2 2011 
080 |a 697.9  |2 2011 
080 |a 697.1/.7  |2 2011 
080 |a (062.534)  |2 2011 
111 2 |a Technika prostredia v dopravných prostriedkoch a zariadeniach  |d (1988 :  |c Tatranská Lomnica, Slovensko)  |4 aut1  |9 514595 
245 1 0 |a Technika prostredia v dopravných prostriedkoch a zariadeniach  |b zborník prednášok : Tatranská Lomnica - Grand hotel Praha : 4.-6. 10. 1988 
250 |a 1. vyd. 
260 |a Žilina  |b Dom techniky ČSVTS  |c 1988  |e Žilina  |f Dom techniky ČSVTS 
300 |a 229 strán  |b grafy, ilustrácie, schémy, tabuľky  |c 21 cm 
366 |e 100 výtl. 
504 |a Obsahuje bibliografiu 
546 |a Anglické resumé. Čiastočný text v češtine a nemčine 
650 0 7 |a dopravné prostriedky  |2 SNKPH  |9 66633 
650 0 7 |a klimatizačná technika  |2 SNKPH  |9 67887 
650 0 7 |a vykurovanie  |2 SNKPH  |9 14779 
655 7 |a zborníky konferencií  |2 SNKPH  |9 70153 
852 |a Slovenská národná knižnica 
954 |a odborná, vedecká literatúra pôvodná (slovenská)  |2 lita 
958 |a CZ 
958 |a NB 
958 |a RM 
958 |a OND 
958 |a EUIPO 
999 |c 792149  |d 794079 
952 |a SNK  |b SNK  |y PREZ  |7 0  |p 17A7632912  |o snkSC 73832  |i snkKSP 2285/89  |0 0  |1 0  |4 0  |d 2012-01-24  |f 1  |l 0  |r 2025-07-30 00:00:00  |w 2026-02-24